Marxist philosophy at the Leninist stage / (Record no. 58605)
[ view plain ]
| 000 -LEADER | |
|---|---|
| fixed length control field | 00936nam a2200301 a 4500 |
| 001 - CONTROL NUMBER | |
| control field | 58605 |
| 003 - CONTROL NUMBER IDENTIFIER | |
| rucl marc code | BD-RjUL |
| 005 - DATE AND TIME OF LATEST TRANSACTION | |
| control field | 20211209080635.0 |
| 008 - FIXED-LENGTH DATA ELEMENTS--GENERAL INFORMATION | |
| fixed length control field | 161219s1982 rur b 000 0 eng |
| 035 ## - SYSTEM CONTROL NUMBER | |
| System control number | (OCoLC)9532165 |
| System control number | (OCoLC)ocm09532165 |
| System control number | (CStRLIN)NYCG82-B45252 |
| System control number | (BD-RjUL)58729 |
| System control number | (NNC)102755 |
| 040 ## - CATALOGING SOURCE | |
| Original cataloging agency | BD-RjUL |
| Language of cataloging | eng |
| Transcribing agency | BD-RjUL |
| 041 1# - LANGUAGE CODE | |
| Language code of text/sound track or separate title | engrus |
| 082 0# - DEWEY DECIMAL CLASSIFICATION NUMBER | |
| Classification number | 335.4301 |
| Edition number | 23 |
| Author mark and year | SUM 1982 |
| 090 ## - LOCALLY ASSIGNED LC-TYPE CALL NUMBER (OCLC); LOCAL CALL NUMBER (OCLC) | |
| Classification number (OCLC) (R) ; Classification number, CALL (RLIN) (NR) | HX312.L43 |
| Local cutter number (OCLC) ; Book number/undivided call number, CALL (RLIN) | S88 1982 |
| 100 1# - MAIN ENTRY--PERSONAL NAME | |
| Personal name | Suvorov, L. N. |
| Fuller form of name | (Lev Nikolaevich) |
| 9 (RLIN) | 174148 |
| 245 10 - TITLE STATEMENT | |
| Title | Marxist philosophy at the Leninist stage / |
| Statement of responsibility, etc. | L.N. Suvorov ; [translated from the Russian]. |
| 260 ## - PUBLICATION, DISTRIBUTION, ETC. (IMPRINT) | |
| Place of publication, distribution, etc. | Moscow : |
| Name of publisher, distributor, etc. | Progress, |
| Date of publication, distribution, etc. | c1982. |
| 300 ## - PHYSICAL DESCRIPTION | |
| Pagination | 244, [3] p. ; |
| Size | 21 cm. |
| 504 ## - BIBLIOGRAPHY, ETC. NOTE | |
| Bibliography, etc | Bibliography: p. 243-[245] |
| 600 10 - SUBJECT ADDED ENTRY--PERSONAL NAME | |
| Personal name | Lenin, Vladimir Il�ich, |
| Dates associated with a name | 1870-1924. |
| 650 #0 - SUBJECT ADDED ENTRY--TOPICAL TERM | |
| Topical term or geographic name as entry element | Communism and philosophy. |
| 9 (RLIN) | 174150 |
| 942 ## - ADDED ENTRY ELEMENTS (KOHA) | |
| Source of classification or shelving scheme | Dewey Decimal Classification |
| Koha item type | Books |
| Lost status | Source of classification or shelving scheme | Damaged status | Not for loan | Collection code | Permanent Location | Current Location | Shelving location | Date acquired | Source of acquisition | Total Checkouts | Full call number | Date last seen | Copy number | Koha item type |
|---|---|---|---|---|---|---|---|---|---|---|---|---|---|---|
| Dewey Decimal Classification | Not For Loan | Non-fiction | Central Library, University of Rajshahi | Central Library, University of Rajshahi | Reading Room | 20/03/1986 | USSR | 335.4301 SUM 1982 | 19/12/2016 | C-1 | Books |